Reflections/ (Record no. 212600)

MARC details
000 -LEADER
fixed length control field 00530nam a22001937a 4500
005 - DATE AND TIME OF LATEST TRANSACTION
control field 20250724154617.0
010 ## - LCCN (DPL NO)
LC control number ENG-146145
020 ## - INTERNATIONAL STANDARD BOOK NUMBER
Terms of availability 350.00
International Standard Book Number 9789348892973
035 ## - SYSTEM CONTROL NUMBER
System control number EN-129677
037 ## - SOURCE OF ACQUISITION
Source of stock number/acquisition DBAD
082 ## - DEWEY DECIMAL CLASSIFICATION NUMBER
Classification number 881
Edition number 1
100 ## - MAIN ENTRY--PERSONAL NAME
Personal name Sarada, Salini
245 ## - TITLE STATEMENT
Title Reflections/
Statement of responsibility, etc Salini Sarada
250 ## - EDITION STATEMENT
Edition statement 1
260 ## - PUBLICATION, DISTRIBUTION, ETC. (IMPRINT)
Place of publication, distribution, etc Kolkata
Name of publisher, distributor, etc Exceller Books
Date of publication, distribution, etc 2024
270 ## - ADDRESS
Address G1 Dream Apartment, Degree College Road
City Belgharia,Kolkata
300 ## - PHYSICAL DESCRIPTION
Extent 62p.
Dimensions 22cm(pb)
942 ## - ADDED ENTRY ELEMENTS (KOHA)
Source of classification or shelving scheme Dewey Decimal Classification
Item type English Books
Call number suffix SAR
Classification part 881
Holdings
Withdrawn status Lost status Not for loan Collection code Home library Current library Date acquired Source of acquisition Cost, normal purchase price Full call number Barcode Copy number Cost, replacement price Koha item type
      Non-fiction Janak Puri Janak Puri 24/07/2025 Delivery of Books Act Division 350.00 SAR 881 EN-129677 1 350.00 English Books

© Delhi Public Library
Hit Counter
free hit counter